000 00726nam a22001937a 4500
005 20100803160638.0
010 _aENG-97971
020 _a9788178127415
_c95.00
035 _aEN-81504
037 _bDBAD/PUB
082 _a000
245 _aR. Gupta's popular master guide ESIC (employees state insurance corporation) :
_bL.D.C./steno examination /
260 _aNew Delhi
_bRamesh Publishing House
_c2010
270 _a12-H, New Daryaganj Road, Opp. Traffic Kotwali
_bNew Delhi
_e110002
300 _avarious pagings
_c22cm (pbk)
650 _aGeneral knowledge
_95507
942 _2ddc
_cEN
_h000
_mRGU
999 _c39056
_d39056